00542nam a2200133 a 450000100100000000500170001000800410002704000250006808200150009311000630010824501530017126000640032430000200038800002171220200930011424.0100910s1962 dr 000 0 spa d aDO-SdBNPbspacBNPHU axxxbR426i1 aRepública DominicanabSecretaría de Estado de Finanzas10aInforme de la República Dominicana ante la reunión del consejo interamericano económico y social al nivel de expertos, México, octubre 1962. aSanto Domingo :bSecretaría de Estado de Finanzas,c1962. a48 p. ;c23 cm.